Geography of India/ (Record no. 203940)

MARC details
000 -LEADER
fixed length control field 00714nam a22002057a 4500
005 - DATE AND TIME OF LATEST TRANSACTION
control field 20240704114520.0
010 ## - LCCN (DPL NO)
LC control number ENG-140764
020 ## - INTERNATIONAL STANDARD BOOK NUMBER
Terms of availability 580.00
International Standard Book Number 9789357053648
035 ## - SYSTEM CONTROL NUMBER
System control number EN-124296
037 ## - SOURCE OF ACQUISITION
Source of stock number/acquisition DBAD
082 ## - DEWEY DECIMAL CLASSIFICATION NUMBER
Classification number 915.4
Edition number 1
100 ## - MAIN ENTRY--PERSONAL NAME
Personal name Nachiketa, Neeraj
245 ## - TITLE STATEMENT
Title Geography of India/
Statement of responsibility, etc by Neeraj Nachiketa
250 ## - EDITION STATEMENT
Edition statement 1
260 ## - PUBLICATION, DISTRIBUTION, ETC. (IMPRINT)
Place of publication, distribution, etc Noida
Name of publisher, distributor, etc Pearson India Education Services Pvt. Ltd
Date of publication, distribution, etc 2024
270 ## - ADDRESS
Address 1st Floor, Berger Tower, Plot No. C-001A/2 Sector 16B
City Noida (U.P.)
Postal code 201301
Telephone number 04466540100
Electronic mail address companysecretary.india@pearson.com
300 ## - PHYSICAL DESCRIPTION
Extent Various Pages
Other physical details 23cm (Pb)
500 ## - GENERAL NOTE
General note For UPSC and State Civil Services Examination
942 ## - ADDED ENTRY ELEMENTS (KOHA)
Source of classification or shelving scheme Dewey Decimal Classification
Item type English Books
Classification part 915.4
Call number suffix NAC
Edition 1
Holdings
Withdrawn status Lost status Not for loan Collection code Home library Current library Date acquired Source of acquisition Cost, normal purchase price Full call number Barcode Copy number Cost, replacement price Koha item type
      Non-fiction Central Jail Tihar Central Jail Tihar 04/07/2024 DBAD 580.00 915.4 NAC EN-124296 1 580.00 English Books

© Delhi Public Library
Hit Counter
free hit counter